[Event "4th Open"]
[Site "Korinthos GRE"]
[Date "2000.07.27"]
[Round "3"]
[White "Kotronias,V"]
[Black "Papastavropoulos,A"]
[Result "1-0"]
[WhiteElo "2539"]
[BlackElo "2211"]

1.e4 c5 2.Nf3 Nc6 3.Bb5 Qc7 4.O-O Nf6 5.Re1 e6 6.c3 Be7 7.d4 cxd4 8.e5 Nd5
9.cxd4 a6 10.Bc4 Nb6 11.Bb3 d5 12.exd6 Qxd6 13.Nc3 Nb4 14.Ne5 N4d5 15.Qg4 g6
16.Qf3 f6 17.Nc4 Nxc4 18.Bxc4 Nb6 19.Bf4 Qc6 20.Qxc6+ bxc6 21.Bxe6 Bxe6 22.Rxe6 Kd7
23.Rae1 Rae8 24.d5 Nxd5 25.Nxd5 cxd5 26.Rxa6 Bc5 27.Rd1 Re2 28.Bg3 Rxb2 29.Rxd5+ Ke7
30.h4 Bb4 31.Rb5 Rd8 32.Rb7+ Rd7 33.Rxd7+ Kxd7 34.Rxf6 Rxa2 35.Rf7+ Ke6 36.Rxh7 Bc5
37.Rc7 Ba7 38.Rc4 Kf5 39.Rf4+ Ke6 40.Kh2 Bc5 41.Kh3 Be7 42.Re4+ Kf7 43.Kg4 Ra5
44.Bf4 Rf5 45.g3 Bc5 46.f3 Be7 47.Re5 Rxe5 48.Bxe5 Bc5 49.f4 Bf2 50.f5  1-0

[Event "Open"]
[Site "Bergen NOR"]
[Date "2000.07.28"]
[Round "8"]
[White "Lobzhanidze,D"]
[Black "Yakovich,Y"]
[Result "1-0"]
[WhiteElo "2493"]
[BlackElo "2585"]

1.e4 c5 2.Nf3 Nc6 3.Bb5 g6 4.O-O Bg7 5.Re1 Nf6 6.e5 Nd5 7.Nc3 Nc7 8.Bxc6 dxc6
9.d3 Bg4 10.h3 Bxf3 11.Qxf3 Ne6 12.Bf4 O-O 13.Bg3 Qd7 14.Ne4 b6 15.a4 f5
16.exf6 exf6 17.Nc3 Rae8 18.Qd1 f5 19.f3 Re7 20.Qd2 Rfe8 21.Re2 Qd4+ 22.Kf1 Qb4
23.Rae1 Qxb2 24.Be5 Bxe5 25.Rxe5 Kf7 26.Rb1 Qa3 27.Rb3 Qa1+ 28.Rb1 Qa3 29.Rb3 Qa1+
30.Re1 Qxe1+ 31.Qxe1 Nd4 32.Qh4 Nxb3 33.Qxh7+ Kf6 34.Qh4+ Kg7 35.cxb3 Re3
36.Qg5 Rxd3 37.Ne2 Rd6 38.Nf4 Kf7 39.h4 Rh8 40.h5  1-0

[Event "GM"]
[Site "Montecatini Terme ITA"]
[Date "2000.07.28"]
[Round "1"]
[White "Rublevsky,S"]
[Black "Minasian,Art"]
[Result "1-0"]
[WhiteElo "2670"]
[BlackElo "2595"]

1.e4 c5 2.Nf3 Nc6 3.Bb5 e6 4.O-O Nge7 5.c3 a6 6.Ba4 b5 7.Bc2 Bb7 8.Qe2 Qb6
9.Rd1 d5 10.e5 d4 11.cxd4 Nxd4 12.Nxd4 cxd4 13.Be4 d3 14.Bxd3 Qc6 15.f3 Qc5+
16.Kh1 Ng6 17.Be4 Bxe4 18.Qxe4 Rc8 19.Nc3 Qxe5 20.Qb7 Qc7 21.Qxa6 b4 22.Ne4 Nf4
23.d4 Nd5 24.Bg5 Qc6 25.Qe2 Qd7 26.Rac1 Ra8 27.Qc4 h6 28.Bd2 Be7 29.Nc5 Qc6
30.Re1 Bxc5 31.dxc5 O-O 32.Bxb4 Nxb4 33.Qxb4 Rfb8 34.Qc3 Rxa2 35.b4 Qb5 36.c6 Rc8
37.Qc5 Qxc5 38.Rxc5 Rb2 39.b5 Kf8 40.Rd1 Rc7 41.h4 Ke7 42.h5 g5 43.hxg6 fxg6
44.f4 Kf6 45.Rd8 Ra7 46.c7 Ra1+ 47.Kh2 Raa2 48.c8=Q Rxg2+ 49.Kh1  1-0

[Event "World Open"]
[Site "Philadelphia USA"]
[Date "2000.07.28"]
[Round "1"]
[White "Hoekstra,M"]
[Black "Young,A"]
[Result "0-1"]
[WhiteElo "2173"]
[BlackElo "2441"]

1.e4 c5 2.Nf3 Nc6 3.Bb5 Nf6 4.Nc3 d6 5.e5 Ng4 6.exd6 exd6 7.O-O Be7 8.d4 O-O
9.Bxc6 bxc6 10.dxc5 dxc5 11.Qxd8 Rxd8 12.Re1 Bf8 13.h3 Nf6 14.Bg5 Bf5 15.Rac1 Rdb8
16.Bxf6 gxf6 17.Na4 Bh6 18.Ra1 Bxc2 19.Nxc5 Rxb2 20.Nd4 Bf8 21.Nd7 Rd8 22.Nxf6+ Kh8
23.Nf3 Bg6 24.a4 Bc5 25.Ng4 f5 26.Ne3 f4 27.Nd1 Rc2 28.Rf1 Be4 29.Ng5 Bd5
30.Kh1 a5 31.Rb1 Bb4 32.Rb2 Rc1 33.Ne3 Rxf1+ 34.Nxf1 h6 35.Nf3 Bc4 36.Rb1 c5
37.Rc1 Bb3  0-1

[Event "ch-HUN Women"]
[Site "Budapest HUN"]
[Date "2000.07.29"]
[Round "9"]
[White "Lakos,N"]
[Black "Dembo,Y"]
[Result "1/2-1/2"]
[WhiteElo "2327"]
[BlackElo "2322"]

1.e4 c5 2.Nf3 Nc6 3.Bb5 g6 4.O-O Bg7 5.Bxc6 dxc6 6.h3 e5 7.d3 Qe7 8.Be3 Nf6
9.Nbd2 O-O 10.a4 a5 11.Nc4 Nd7 12.Qd2 b6 13.Rae1 Ba6 14.b3 Bxc4 15.bxc4 Qd6
16.Bh6  1/2-1/2

[Event "Continental Open"]
[Site "Los Angeles USA"]
[Date "2000.07.29"]
[Round "7"]
[White "Benen,S"]
[Black "Small,G"]
[Result "1-0"]
[WhiteElo "2190"]
[BlackElo "2270"]

1.e4 c5 2.Nf3 Nc6 3.Bb5 g6 4.Bxc6 bxc6 5.O-O Bg7 6.Re1 Nf6 7.e5 Nd5 8.c4 Nc7
9.d4 cxd4 10.Nxd4 O-O 11.Nc3 Rb8 12.Bg5 c5 13.Nb3 Ne6 14.Qd2 Nxg5 15.Qxg5 d6
16.Nd5 Bxe5 17.Qxe7 Ba6 18.Rxe5 dxe5 19.Qxe5 h5 20.Nxc5 f6 21.Qe6+ Rf7 22.Nxa6 Rxb2
23.Nac7 Qb8 24.g3 Rb1+ 25.Rxb1 Qxb1+ 26.Kg2 Qxa2 27.Qe8+  1-0

[Event "KB Czech Open"]
[Site "Pardubice CZE"]
[Date "2000.07.29"]
[Round "9"]
[White "Kholmov,R"]
[Black "Dobrov,V"]
[Result "1/2-1/2"]
[WhiteElo "2415"]
[BlackElo "2339"]

1.e4 c5 2.Nf3 Nc6 3.Bb5 d6 4.O-O Bd7 5.Re1 Nf6 6.Nc3 e5 7.d3 Be7 8.Bg5 a6
9.Ba4 Rc8 10.Bxf6 Bxf6 11.Nd5 O-O 12.c3 g6  1/2-1/2

[Event "4th Open"]
[Site "Korinthos GRE"]
[Date "2000.08.02"]
[Round "9"]
[White "Glek,I"]
[Black "Kapnisis,S"]
[Result "0-1"]
[WhiteElo "2553"]
[BlackElo "2332"]

1.e4 c5 2.Nf3 Nc6 3.Bb5 g6 4.O-O Bg7 5.Re1 Nf6 6.e5 Nd5 7.Nc3 Nc7 8.Bxc6 dxc6
9.Ne4 b6 10.Nf6+ Kf8 11.Ne4 Bg4 12.d3 Ne6 13.Ned2 Qd5 14.h3 Bxf3 15.Nxf3 f6
16.Be3 Kf7 17.c4 Qd7 18.Qe2 Rad8 19.Rad1 Qc7 20.b4 Rhe8 21.bxc5 bxc5 22.Rb1 Kg8
23.Rb3 fxe5 24.Reb1 e4 25.dxe4 Rb8 26.Qc2 Bd4 27.Bd2 Rf8 28.e5 Kg7 29.Ba5 Qxa5
30.Rxb8 Rf5 31.R8b7 Qd8 32.Qe4 Qe8 33.Rxa7 Rf4 34.Qe2 Ng5 35.Nxd4 cxd4 36.Rbb7 Kh6
37.Rxe7 Qf8 38.Qd2 Qf5 39.h4 Qb1+ 40.Kh2 Rxh4+ 41.Kg3 Rh3+ 42.Kg4 Qf5+  0-1

[Event "A64 Open"]
[Site "Olomouc CZE"]
[Date "2000.08.03"]
[Round "2"]
[White "Johansson,Ja"]
[Black "Staszko,M"]
[Result "1-0"]
[WhiteElo "2353"]
[BlackElo "2113"]

1.e4 c5 2.Nf3 Nc6 3.Bb5 g6 4.O-O Bg7 5.Re1 Nf6 6.e5 Nd5 7.Nc3 Nc7 8.Bxc6 dxc6
9.Ne4 Ne6 10.d3 O-O 11.Be3 b6 12.Qd2 Nd4 13.Nxd4 cxd4 14.Bh6 Qc7 15.Bxg7 Kxg7
16.Qf4 c5 17.Re2 Bf5 18.Ng3 Be6 19.Qh4 Rad8 20.f4 Qd7 21.Rf1 Kh8 22.h3 Bf5
23.Kh2 b5 24.b3 c4 25.bxc4 bxc4 26.dxc4 Qc6 27.Nxf5 gxf5 28.Qxe7 Qxc4 29.Qf6+ Kg8
30.Rf3 Rfe8 31.e6  1-0

[Event "It"]
[Site "Montreal CAN"]
[Date "2000.08.04"]
[Round "2"]
[White "Rozentalis,E"]
[Black "Kogan,A"]
[Result "1/2-1/2"]
[WhiteElo "2570"]
[BlackElo "2504"]

1.e4 c5 2.Nf3 Nc6 3.Bb5 e6 4.Bxc6 bxc6 5.O-O Ne7 6.b3 Ng6 7.Bb2 f6 8.d4 cxd4
9.Qxd4 d5 10.exd5 cxd5 11.c4 Bb7 12.cxd5 Qxd5 13.Qg4 Qe4 14.Qxe4 Bxe4 15.Nd4 Kf7  1/2-1/2

[Event "TCh-ESP"]
[Site "Barcelona ESP"]
[Date "2000.08.05"]
[Round "1"]
[White "Campora,D"]
[Black "Corral Blanco,J"]
[Result "0-1"]
[WhiteElo "2526"]
[BlackElo "2464"]

1.e4 c5 2.Nf3 Nc6 3.Bb5 e6 4.Bxc6 bxc6 5.O-O Ne7 6.c4 Ng6 7.d4 cxd4 8.Qxd4 c5
9.Qd3 Bb7 10.Nc3 Be7 11.Rd1 Bc6 12.Ne2 Qc7 13.Ng3 O-O 14.Bd2 a5 15.Bc3 a4
16.Re1 f6 17.Rad1 Rf7 18.Rb1 Ra6 19.Qd2 Ba8 20.Qe3 Rf8 21.Rbd1 Rd8 22.Nd2 Bd6
23.Ndf1 Bf4 24.Qe2 Rb8 25.Qc2 Bc6 26.Ne2 Bd6 27.Rb1 Ra7 28.Red1 Bf8 29.f3 Rab7
30.Be1 Bd6 31.Nc3 Be5 32.Nxa4 Bd4+ 33.Bf2 Bxf2+ 34.Kxf2 Bxa4 35.Qxa4 Rxb2+
36.Rxb2 Rxb2+ 37.Rd2 Rb7 38.h3 Ne5 39.Ne3 h5 40.Qa8+ Rb8 41.Qa3 h4 42.Ke2 Rb4
43.Qa8+ Kf7 44.Qh8 Nxc4 45.Nxc4 Rxc4 46.Qxh4 Rd4 47.Qh5+ Ke7 48.Rc2 c4 49.Qb5 Qa7
50.Qb4+ Ke8 51.Rb2 Rd3 52.Qb8+ Qxb8 53.Rxb8+ Ke7 54.Rb2 d5 55.h4 Kd6 56.Rb7 d4
57.Rxg7 Ra3 58.Rg8 Rxa2+ 59.Kf1 c3 60.Rc8 c2 61.Ke1 Ra1+ 62.Kd2 d3  0-1

[Event "4th ch-Arab"]
[Site "Beirut LEB"]
[Date "2000.08.05"]
[Round "1"]
[White "Hakki,I"]
[Black "Doghri,N"]
[Result "1-0"]
[WhiteElo "2429"]
[BlackElo "2342"]

1.e4 c5 2.Nf3 Nc6 3.Bb5 g6 4.Bxc6 dxc6 5.d3 f6 6.e5 Bg4 7.Nbd2 Nh6 8.h3 Bxf3
9.Nxf3 Nf7 10.e6 Nd6 11.O-O Nf5 12.Re1 h5 13.Qe2 Qd5 14.c4 Qd6 15.Qe4 Bh6
16.g4 hxg4 17.hxg4 Bxc1 18.Raxc1 Rg8 19.Kf1 Nd4 20.Nxd4 Qxd4 21.Qxd4 cxd4
22.Re4 O-O-O 23.Kg2 Rh8 24.Rh1 Rxh1 25.Kxh1 c5 26.Kg2 Kc7 27.g5 Kd6 28.Rh4 Kxe6
29.Rh6 Rg8 30.gxf6 Kxf6 31.Rh7 Rf8 32.Kf3 Rf7 33.Rh1 e5 34.Ke2 Kg7 35.Rb1 a5
36.a3 g5 37.b4 axb4 38.axb4 cxb4 39.Rxb4 Kg6 40.Rb6+ Kf5 41.Rd6 g4 42.Rd8 Rf6
43.Re8 Kf4 44.Re7 Rb6 45.Rf7+ Kg5 46.Rg7+ Kf5 47.Rg8 Rg6 48.Rf8+ Ke6 49.Re8+ Kd6
50.Rd8+ Kc7 51.Re8 Kd6 52.Rd8+ Kc7 53.Re8 Rg5 54.Ra8 Kb6 55.Re8 Kc5 56.Ra8 Kb4
57.Rb8 g3 58.Rxb7+ Kc3 59.fxg3 Rxg3 60.c5 e4 61.dxe4 d3+ 62.Kf2 Rg8 63.Rd7 d2
64.c6 Kc2 65.Ke2 Rg2+ 66.Kf3 Rg8 67.e5 Re8 68.Ke4 Rc8 69.Rd6 Re8 70.Kf5 d1=Q
71.Rxd1 Kxd1 72.e6 Rc8 73.e7  1-0

[Event "4th ch-Arab"]
[Site "Beirut LEB"]
[Date "2000.08.06"]
[Round "2"]
[White "Eid,Fa"]
[Black "Taleb,M"]
[Result "1/2-1/2"]
[WhiteElo "2390"]
[BlackElo "2389"]

1.e4 c5 2.Nf3 Nc6 3.Bb5 g6 4.c3 Qb6 5.a4 Nf6 6.e5 Nd5 7.O-O Bg7 8.d4 cxd4
9.cxd4 O-O 10.Nc3 Nxc3 11.bxc3 d6 12.exd6 exd6 13.Ba3 Na5 14.c4 Rd8 15.c5 dxc5
16.Bxc5 Qf6  1/2-1/2

[Event "Open"]
[Site "Chania GRE"]
[Date "2000.08.06"]
[Round "5"]
[White "Turov,M"]
[Black "Grivas,E"]
[Result "1/2-1/2"]
[WhiteElo "2539"]
[BlackElo "2499"]

1.e4 c5 2.Nf3 Nc6 3.Bb5 d6 4.O-O Bd7 5.Re1 Nf6 6.h3 a6 7.Bf1 e6 8.c3 Rc8
9.a3 Qb6 10.d3 Be7 11.Nbd2 O-O 12.Nc4 Qc7 13.Bf4 b5 14.Ne3 Ne5 15.Nd2 Bc6
16.Bh2 Ned7 17.f4 c4 18.e5 dxe5 19.fxe5 Nd5 20.d4 Bh4 21.Nxd5 Bxd5 22.Re4 Bxe4
23.Nxe4 Qc6 24.Nd6 Rcd8 25.Be2 Be7 26.Bf3 Qb6 27.Ne4 f6 28.exf6 Nxf6 29.Qe2 Nxe4
30.Qxe4 Bd6 31.Qxe6+ Kh8 32.Re1 Bxh2+ 33.Kxh2 Qxe6 34.Rxe6 Rf6 35.Re5 Kg8
36.a4 bxa4 37.Ra5 Rb6 38.Bd5+ Kf8 39.Bxc4 Rxb2 40.Rxa4 Rc2 41.Bxa6 Rxc3 42.Be2 Rdc8
43.d5 Ke7 44.Bg4 Rd8 45.Re4+ Kd6 46.Re6+ Kxd5 47.Re7 Rg8 48.Be6+ Kd6 49.Bxg8 Kxe7
50.Bxh7 Re3 51.Bf5 Kf6 52.Bg4 Kg5 53.Bf3 Kf4 54.Bg4 Ra3 55.Bd7 Rc3 56.Be6 Ke3
57.Bd5 Kf2 58.Be4 g5 59.Bf3 Rc4 60.Bg4 Rc1 61.Bh5 Rg1 62.Bf3 Ra1 63.Bg4 Rc1
64.Bh5 Rc3 65.Bf3 Rxf3 66.gxf3 Kxf3 67.h4 g4 68.Kg1 Kf4  1/2-1/2

[Event "A64 Open"]
[Site "Olomouc CZE"]
[Date "2000.08.06"]
[Round "5"]
[White "Kim,Se"]
[Black "Tolstikh,N"]
[Result "0-1"]
[WhiteElo "2223"]
[BlackElo "2417"]

1.e4 c5 2.Nf3 Nc6 3.Bb5 e6 4.O-O Nge7 5.c3 d5 6.exd5 Qxd5 7.d4 cxd4 8.c4 Qd6
9.Nc3 e5 10.Nxe5 Qxe5 11.Re1 Qf5 12.Nd5 Be6 13.Nc7+ Kd8 14.Nxa8 Kc8 15.b4 Kb8
16.Bxc6 Nxc6 17.b5 Nb4 18.Qxd4 Bc5 19.Bf4+ Kxa8 20.Qd2 Nd3 21.Bg3 Nxe1 22.Rxe1 Bxc4  0-1

[Event "TCh-ESP"]
[Site "Barcelona ESP"]
[Date "2000.08.07"]
[Round "3"]
[White "Blazquez Gomez,J"]
[Black "Braga,F"]
[Result "0-1"]
[WhiteElo "2269"]
[BlackElo "2455"]

1.e4 c5 2.Nf3 Nc6 3.Bb5 e6 4.O-O Nge7 5.d4 cxd4 6.Nbd2 a6 7.Nc4 d5 8.Bxc6+ bxc6
9.exd5 cxd5 10.Nce5 f6 11.Nd3 Nc6 12.Re1 Be7 13.Nh4 O-O 14.f4 e5 15.f5 Qe8
16.a4 Qf7 17.Qg4 g5 18.Qg3 Qg7 19.Nf3 Bxf5 20.Qf2 Bg6  0-1

[Event "TCh-ESP"]
[Site "Barcelona ESP"]
[Date "2000.08.07"]
[Round "3"]
[White "Rojo Gomez,J"]
[Black "Arnold Perier,F"]
[Result "1-0"]
[WhiteElo "2306"]
[BlackElo "2193"]

1.e4 c5 2.Nf3 Nc6 3.Bb5 e5 4.c3 Nge7 5.O-O g6 6.d3 Bg7 7.a3 O-O 8.Be3 d6
9.b4 b6 10.Nbd2 Bb7 11.Qb1 h6 12.Ba4 cxb4 13.axb4 d5 14.b5 Na5 15.Nb3 Nxb3
16.Bxb3 Kh7 17.Ne1 f5 18.f3 Qd7 19.Bd1 Nc8 20.exf5 Rxf5 21.d4 Nd6 22.dxe5 Nc4
23.Bd4 Nd2 24.Qc1 Nxf1 25.Nd3 Qxb5 26.Be2 Nxh2 27.Kxh2 Qe8 28.f4 h5 29.g4 hxg4
30.Bxg4 Rf8 31.Kg3 Bc8 32.Qh1+ Bh6 33.e6 Bxe6 34.Qxh6+  1-0

[Event "Open"]
[Site "Chania GRE"]
[Date "2000.08.07"]
[Round "6"]
[White "Turov,M"]
[Black "Botsari,A"]
[Result "1-0"]
[WhiteElo "2539"]
[BlackElo "2325"]

1.e4 c5 2.Nf3 Nc6 3.Bb5 e6 4.Bxc6 bxc6 5.O-O Ne7 6.d3 Ng6 7.Ng5 e5 8.Qh5 Be7
9.c4 d6 10.Nc3 Bxg5 11.Bxg5 f6 12.Be3 O-O 13.f4 f5 14.fxe5 f4 15.exd6 fxe3
16.Qxc5 Rxf1+ 17.Rxf1 Qb6 18.Na4 Qxc5 19.Nxc5 Ne5 20.Re1 Bg4 21.b3 Nd7 22.Na6 c5
23.h3 Bh5 24.Rxe3 Re8 25.b4 cxb4 26.c5 Rc8 27.d4 Bf7 28.e5 Nf8 29.d7 Ra8
30.c6 Bxa2 31.Nxb4 Be6 32.d5 Bxd7 33.cxd7 Nxd7 34.e6 Nf6 35.d6 a5 36.Nc6 Nd5
37.d7 Nxe3 38.e7  1-0

[Event "Open"]
[Site "Chania GRE"]
[Date "2000.08.07"]
[Round "6"]
[White "Sperdokli,E"]
[Black "Kouvatsou,M"]
[Result "1/2-1/2"]
[WhiteElo "2118"]
[BlackElo "2223"]

1.e4 c5 2.Nf3 Nc6 3.Bb5 Qc7 4.O-O e6 5.c3 Nf6 6.Re1 d6 7.d4 cxd4 8.cxd4 Bd7
9.Nc3 Be7 10.h3 O-O 11.e5 Ne8 12.Bf4 f6 13.exd6 Bxd6 14.Bxd6 Nxd6 15.d5 exd5
16.Nxd5 Qd8 17.Bxc6 Bxc6 18.Ne7+ Kh8 19.Nxc6 bxc6 20.Re6 Nc4 21.Qe2 Nb6 22.Rxc6 Qd5
23.Qe6 Qb5 24.Rac1 Qxb2 25.Rc7 Rae8 26.Qg4 f5 27.Qh5 Nd5 28.Ng5 Nf6 29.Nf7+ Kg8
30.Nh6+ gxh6 31.Qxh6 Rf7 32.Qg5+ Kf8 33.Qh6+ Kg8 34.Qg5+  1/2-1/2

[Event "TCh-ESP"]
[Site "Barcelona ESP"]
[Date "2000.08.08"]
[Round "4"]
[White "Cacho Reigadas,S"]
[Black "Arizmendi Martinez,J"]
[Result "0-1"]
[WhiteElo "2444"]
[BlackElo "2456"]

1.e4 c5 2.Nf3 Nc6 3.Bb5 a6 4.Bxc6 dxc6 5.d3 Qc7 6.Be3 e5 7.h3 Be6 8.Qd2 f6
9.Qc3 b6 10.Nbd2 Ne7 11.O-O Ng6 12.a3 a5 13.Nc4 b5 14.Nxa5 Qxa5 15.b4 Qc7
16.Bxc5 Nf4 17.Rfe1 Bxc5 18.Qxc5 Qd7 19.d4 Bxh3 20.Nxe5 fxe5 21.gxh3 exd4
22.Qe5+ Ne6 23.f4 O-O 24.f5 Ng5 25.Qg3 Qe7 26.Rad1 Rae8 27.h4 Nxe4 28.Qf4 Qe5
29.Qxe5 Rxe5 30.Rxd4 Nd2  0-1

[Event "TCh-ESP"]
[Site "Barcelona ESP"]
[Date "2000.08.08"]
[Round "4"]
[White "Pablo Marin,A"]
[Black "Gamundi Salamanca,A"]
[Result "0-1"]
[WhiteElo "2395"]
[BlackElo "2464"]

1.e4 c5 2.Nf3 Nc6 3.Bb5 g6 4.O-O Bg7 5.Re1 e5 6.c3 Nge7 7.d4 cxd4 8.cxd4 exd4
9.Bf4 a6 10.Bf1 d6 11.Nbd2 O-O 12.Nb3 Bg4 13.h3 Bxf3 14.Qxf3 Ne5 15.Qg3 N7c6
16.Bd2 b5 17.Rac1 Qb6 18.f4 Nd7 19.Qg5 Rac8 20.Kh1 h6 21.Qg3 Nc5 22.f5 Nxb3
23.Qxb3 Kh7 24.Qf3 Ne5 25.Qf2 Rfe8 26.f6 Bf8 27.Bc3 Nc6 28.Bd3 Qa7 29.Bd2 Ne5
30.Bb1 Rc4 31.b3 Rcc8 32.Rcd1 Re6 33.Bc1 Nd7 34.Bb2 Rxf6 35.Qg3 Ne5 36.Bxd4 Qe7
37.a4 Re6 38.axb5 axb5 39.Rf1 Bg7 40.Qf2 Rf6 41.Qe2 Rxf1+ 42.Rxf1 Qb7 43.Bd3 Rb8
44.Ra1 Nc6 45.Bxg7 Kxg7 46.b4 Qb6 47.Qb2+ Ne5 48.Bc2 Qf2 49.Qc3 Rb6 50.Bb3 Rc6
51.Qe1 Qf4 52.Rd1 h5 53.Qe2 Rc3 54.Rf1 Rc1 55.Bd1 Qg3 56.Kg1 Nc4 57.Qf2 Qxf2+
58.Kxf2 Rb1 59.Be2 Rxb4 60.Rd1 Rb2 61.Kf3 Nd2+ 62.Ke3 Nxe4 63.Bf3 Ng3 64.Kf4 Nf5
65.g4 Rb4+ 66.Be4 hxg4 67.hxg4 Ne7 68.Rxd6 f5 69.Kg5 Rxe4 70.gxf5 gxf5  0-1

[Event "Open"]
[Site "Chania GRE"]
[Date "2000.08.08"]
[Round "7"]
[White "Dzhumaev,M"]
[Black "Mouroutis,K"]
[Result "1-0"]
[WhiteElo "2495"]
[BlackElo "2217"]

1.e4 c5 2.Nf3 Nc6 3.Bb5 g6 4.O-O Bg7 5.c3 Nf6 6.Re1 O-O 7.e5 Nd5 8.d4 cxd4
9.cxd4 a6 10.Bxc6 dxc6 11.Nbd2 Bf5 12.Ne4 Bxe4 13.Rxe4 f6 14.Bd2 Qd7 15.Qe2 Rad8
16.Re1 Qf5 17.Qc4 Kh8 18.Qb3 Qd7 19.Rh4 Rb8 20.e6 Qd6 21.Qd3 Kg8 22.Ree4 f5
23.Re1 Bf6 24.Ng5 Bxg5 25.Bxg5 h5 26.Qe2 Rbd8 27.Bh6 Rf6 28.a3 Rc8 29.Bg5 Rff8
30.Rxh5 gxh5 31.Qxh5 c5 32.Bh6  1-0

[Event "Proclient Cup"]
[Site "Olomouc CZE"]
[Date "2000.08.08"]
[Round "9"]
[White "Kasparov,S"]
[Black "Balenovic,Z"]
[Result "1-0"]
[WhiteElo "2464"]
[BlackElo "2213"]

1.e4 c5 2.Nf3 Nc6 3.Bb5 g6 4.Bxc6 dxc6 5.O-O Bg7 6.d3 Nf6 7.Nc3 O-O 8.h3 Qc7
9.Be3 b6 10.Qc1 e5 11.Bh6 Nh5 12.Bxg7 Kxg7 13.Ne2 h6 14.Qd2 Bd7 15.Qc3 Rae8
16.Rae1 Kh7 17.Kh1 f6 18.a3 g5 19.g4 Ng7 20.Nd2 Ne6 21.Kg2 Nd4 22.b4 cxb4
23.axb4 Nxe2 24.Rxe2 Be6 25.Ra1 Qd7 26.f3 h5 27.Nf1 Kg6 28.Ng3 h4 29.Nf5 Bxf5
30.gxf5+ Kh6 31.Qc4 Re7 32.Ra3 Rc8 33.Kf1 Qd6 34.Ra6 Rd8 35.Rd2 Rc7 36.c3 c5
37.b5 Qd7 38.Ke2 Qd6 39.Rda2 Qd7 40.Ke3 Kg7 41.Rd2 Kh6 42.Re2 Re8 43.Rea2 Rd8
44.Qd5 Qxd5 45.exd5 Rxd5 46.Rxa7 Rc8 47.Rf7 c4 48.Rxf6+ Kh5 49.dxc4 Rxc4
50.Ra7  1-0

[Event "101st US Open"]
[Site "Saint Paul USA"]
[Date "2000.08.09"]
[Round "5"]
[White "Kaufman,La"]
[Black "Dean,J"]
[Result "1-0"]
[WhiteElo "2397"]
[BlackElo "2271"]

1.e4 c5 2.Nf3 Nc6 3.Bb5 e6 4.Bxc6 bxc6 5.d3 Ne7 6.O-O f6 7.Nh4 d5 8.c4 dxe4
9.dxe4 Qd4 10.Nc3 Ba6 11.Be3 Qxd1 12.Rfxd1 Bxc4 13.b3 Ba6 14.Bxc5 Nc8 15.Bxf8 Rxf8
16.Rac1 Nb6 17.Rd6 Ke7 18.Rxc6 Rac8 19.Rxc8 Rxc8 20.Nf3 Bb7 21.Nd2 Rd8 22.Rc2 Ba6
23.f3 Bd3 24.Rc1 Rd7 25.Kf2 Ba6 26.Ke1 Rc7 27.a4 Kd6 28.f4 Nd7 29.e5+  1-0

[Event "TCh-ESP"]
[Site "Barcelona ESP"]
[Date "2000.08.10"]
[Round "6"]
[White "Pariente Lopez,F"]
[Black "Rebole Arbea,I"]
[Result "1/2-1/2"]
[WhiteElo "2307"]
[BlackElo "2125"]

1.e4 c5 2.Nf3 Nc6 3.Bb5 a6 4.Bxc6 dxc6 5.O-O Qc7 6.a4 a5 7.Na3 e5 8.Nc4 f6
9.c3 Be6 10.Qe2 Qf7 11.b3 g5 12.d4 Bxc4 13.bxc4 g4 14.Nh4 cxd4 15.cxd4 exd4
16.e5 f5 17.Qd3 Ne7 18.Qxd4 Rd8 19.Qc3 Qh5 20.g3 Ng6 21.Ng2 Bb4 22.Qb2 O-O
23.Nf4 Nxf4 24.Bxf4 Qf7 25.Qe2 Rd4 26.Rac1 Qe6 27.h3 Rfd8 28.hxg4 fxg4 29.Rfd1 h5
30.Rxd4 Rxd4 31.Rc2 h4 32.Kh2 Qf5 33.e6 Re4 34.Qd1 hxg3+ 35.Bxg3 Qh5+ 36.Kg2 Qh3+
37.Kg1 Rxe6 38.Re2 Qh6 39.Qd8+ Bf8 40.Rxe6 Qxe6 41.Qxa5 Qxc4 42.Qg5+ Kf7  1/2-1/2

[Event "TCh-ESP"]
[Site "Barcelona ESP"]
[Date "2000.08.10"]
[Round "6"]
[White "Beltran Rueda,S"]
[Black "Moreno,J"]
[Result "1/2-1/2"]
[WhiteElo "2405"]
[BlackElo "2515"]

1.e4 c5 2.Nf3 Nc6 3.Bb5 d6 4.d4 cxd4 5.Qxd4 Bd7 6.Bxc6 Bxc6 7.Nc3 Nf6 8.Bg5 e6
9.O-O-O Be7 10.Rhe1 O-O 11.Kb1 Qc7 12.Qd2 Rfd8 13.Nd4 Be8 14.f3 Rab8 15.g4 b5
16.Nf5 b4 17.Nxe7+ Qxe7 18.Ne2 h6 19.Be3 d5 20.e5 Nd7 21.Bd4 a5  1/2-1/2

[Event "It"]
[Site "Montreal CAN"]
[Date "2000.08.10"]
[Round "7"]
[White "Smagin,S"]
[Black "Lazarev,V"]
[Result "1-0"]
[WhiteElo "2605"]
[BlackElo "2478"]

1.e4 c5 2.Nf3 Nc6 3.Bb5 e6 4.O-O Nge7 5.Re1 a6 6.Bf1 d5 7.exd5 Nxd5 8.d4 Nf6
9.Be3 cxd4 10.Nxd4 Bd7 11.Nb3 Qc7 12.c4 Bb4 13.Nc3 O-O 14.Rc1 Na5 15.Nd2 h6
16.a3 Bd6 17.g3 Nc6 18.Na4 Rae8 19.b4 Qb8 20.Nb6 Rd8 21.Qe2 Rfe8 22.Bg2 e5
23.Nxd7 Rxd7 24.Bxc6 bxc6 25.c5 Bf8 26.Qxa6 Re6 27.Qe2 Nd5 28.Nc4 Ra7 29.Qb2 f5
30.Nb6 Nf6 31.Qb3 Re7 32.b5 Qb7 33.Rcd1 Kh7 34.Rd6 Rxd6 35.cxd6 Re8 36.Qc2 Bxd6
37.bxc6 Qc7 38.Qxf5+ Kh8 39.Nd7 Nxd7 40.cxd7 Rd8 41.Rd1 Bxa3 42.Qe6 Qc2 43.Ra1  1-0

[Event "101st US Open"]
[Site "Saint Paul USA"]
[Date "2000.08.11"]
[Round "7"]
[White "Kaufman,La"]
[Black "Betaneli,A"]
[Result "0-1"]
[WhiteElo "2397"]
[BlackElo "2244"]

1.e4 c5 2.Nf3 Nc6 3.Bb5 g6 4.Bxc6 dxc6 5.d3 Bg7 6.h3 e5 7.Be3 b6 8.Nc3 f6
9.Qd2 Be6 10.O-O Qd7 11.a3 Ne7 12.b4 cxb4 13.axb4 O-O 14.Rfd1 f5 15.Bh6 fxe4
16.Bxg7 exf3 17.Bxe5 fxg2 18.Ne4 Nf5 19.Qg5 Kf7 20.Re1 Qe7 21.Bf6 Qxb4 22.Bc3 Qe7
23.Qxe7+ Kxe7 24.Ng5 Nh4 25.Rxe6+ Kd7 26.Re4  0-1

[Event "Lost Boys Open"]
[Site "Amsterdam NED"]
[Date "2000.08.12"]
[Round "2"]
[White "Soderberg,P"]
[Black "Krnic,Z"]
[Result "1-0"]
[WhiteElo "2261"]
[BlackElo "2401"]

1.e4 c5 2.Nf3 Nc6 3.Bb5 e6 4.O-O Nge7 5.c3 a6 6.Ba4 c4 7.d4 cxd3 8.Qxd3 b5
9.Bc2 Ng6 10.a4 b4 11.c4 Qc7 12.b3 f6 13.Be3 Bd6 14.Rd1 Be7 15.Nd4 Nge5 16.Qe2 Nxd4
17.Bxd4 Nc6 18.Be3 Bd6 19.Qh5+ g6 20.Qh4 O-O 21.f4 f5 22.exf5 gxf5 23.Nd2 Ne7
24.Ne4 Ng6 25.Nf6+ Kf7 26.Qxh7+ Kxf6 27.Rxd6 Rf7 28.Bd4+ Ke7 29.Qxg6 Qxd6
30.Rd1 Bb7 31.Bf6+ Rxf6 32.Qg7+ Rf7 33.Qg5+ Kf8 34.Rxd6 Bc6 35.g3 Rg7 36.Qf6+ Kg8
37.Rxc6  1-0

[Event "Lost Boys Open"]
[Site "Amsterdam NED"]
[Date "2000.08.12"]
[Round "2"]
[White "Van der Wiel,J"]
[Black "Van den Berg,AMJ"]
[Result "1-0"]
[WhiteElo "2531"]
[BlackElo "2217"]

1.e4 c5 2.Nf3 Nc6 3.Bb5 g6 4.O-O Bg7 5.Re1 Nf6 6.e5 Nd5 7.Nc3 Nc7 8.Bxc6 dxc6
9.Ne4 b6 10.Nf6+ Kf8 11.Ne4 Bg4 12.d3 c4 13.h3 Be6 14.d4 h6 15.Qe2 Bd5 16.b3 b5
17.Bb2 Ne6 18.Nfd2 Qb6 19.Qe3 Rd8 20.Nc5 h5 21.bxc4 bxc4 22.Nxe6+ Bxe6 23.Qa3 Bh6
24.Bc3 Bxd2 25.Bxd2 Rd7 26.Rab1 Qd8 27.Ba5 Qe8 28.Qe3 Kg7 29.Rb2 Rd5 30.Bb4 Rb5
31.Qa3 Rb7 32.Reb1 Qd7 33.Bc5 Rxb2 34.Rxb2 Rc8 35.Kh2 Rc7 36.Rb8 Kh7 37.Qe3 Rb7
38.Rxb7 Qxb7 39.Qg5 f6 40.exf6 exf6 41.Qxf6 Qf7 42.Qxf7+ Bxf7 43.Bxa7 c3
44.a3 Kg8 45.Bb8 Ba2 46.a4 Kf7 47.a5 Bc4 48.Bd6 Ke6 49.Bb4 Kd5 50.Bxc3 c5
51.dxc5 Kxc5 52.Kg3 Be2 53.Bd2 Bd1 54.c3 Be2 55.Kh4 Bf1 56.g3 Kb5 57.Kg5 Bd3
58.f3 Kxa5 59.g4 hxg4 60.fxg4 Kb5 61.h4 Kc4 62.Kf6 Kd5 63.h5  1-0

[Event "TCh-ESP"]
[Site "Barcelona ESP"]
[Date "2000.08.13"]
[Round "9"]
[White "Blazquez Gomez,J"]
[Black "Colls Gelaberto,E"]
[Result "1/2-1/2"]
[WhiteElo "2269"]
[BlackElo "2277"]

1.e4 c5 2.Nf3 Nc6 3.Bb5 e6 4.O-O Nge7 5.c3 a6 6.Ba4 b5 7.Bc2 d5 8.d4 cxd4
9.cxd4 Nb4 10.e5 Nxc2 11.Qxc2 Bb7 12.Be3 Ng6  1/2-1/2

[Event "4th ch-Arab"]
[Site "Beirut LEB"]
[Date "2000.08.13"]
[Round "8"]
[White "Sarsam,S"]
[Black "Hakki,I"]
[Result "0-1"]
[WhiteElo "2423"]
[BlackElo "2429"]

1.e4 c5 2.Nf3 Nc6 3.Bb5 d6 4.O-O Bd7 5.c3 Nf6 6.Re1 a6 7.Ba4 c4 8.d4 cxd3
9.Qxd3 e6 10.Bg5 h6 11.Bh4 Ne5 12.Bxd7+ Nfxd7 13.Nxe5 Nxe5 14.Qh3 g5 15.f4 Ng6
16.Bf2 Nxf4 17.Qf3 Bg7 18.Nd2 O-O 19.Nf1 d5 20.e5 f6 21.exf6 Qxf6 22.Rad1 e5
23.Bc5 Rf7 24.Qe3 b6 25.Bxb6 Rb8 26.Bc5 Rxb2 27.Rd2 Rxd2 28.Nxd2 Qc6 29.Bb4 e4
30.Nb3 Nd3 31.Rd1 Bxc3 32.Bxc3 Qxc3 33.h4 Qf6 34.Nc5 Nf4 35.g3 Nh3+ 36.Kh2 Nf2  0-1

[Event "4th ch-Arab"]
[Site "Beirut LEB"]
[Date "2000.08.13"]
[Round "8"]
[White "Eid,Fa"]
[Black "Somev,A"]
[Result "1-0"]
[WhiteElo "2390"]
[BlackElo "2090"]

1.e4 c5 2.Nf3 Nc6 3.Bb5 d6 4.O-O Bd7 5.c3 e6 6.d4 cxd4 7.cxd4 Nf6 8.d5 exd5
9.exd5 Ne5 10.Bxd7+ Nfxd7 11.Nd4 Be7 12.Nf5 O-O 13.Nc3 Nc5 14.Be3 b6 15.b4 Na6
16.a3 Qd7 17.Nxe7+ Qxe7 18.Bd4 Qd7 19.f4 Ng4 20.f5 Ne5 21.f6 Nc7 22.fxg7 Kxg7
23.Qh5 f5 24.Rf4 Rf6 25.Qg5+ Kf7 26.Ne4 Rg6 27.Qxf5+ Kg8 28.Nf6+ Rxf6 29.Qxf6 Nxd5
30.Qg5+ Qg7 31.Qxg7+ Kxg7 32.Re4 Re8 33.Rae1 Kf6 34.g4 h5 35.gxh5 Kf5 36.Bxe5 dxe5
37.h6 Nf6 38.Rc4 Rg8+ 39.Kh1 Ng4 40.Rf1+  1-0